The Littles and their amazing new friend. (Record no. 110840)
[ view plain ]
| 000 -LEADER | |
|---|---|
| fixed length control field | 00397nam a2200157 a 4500 |
| 005 - DATE AND TIME OF LATEST TRANSACTION | |
| control field | 20140414131904.0 |
| 008 - FIXED-LENGTH DATA ELEMENTS--GENERAL INFORMATION | |
| fixed length control field | 100902s19uu xx 00 eng d |
| 020 ## - INTERNATIONAL STANDARD BOOK NUMBER | |
| International Standard Book Number | |
| 050 ## - LIBRARY OF CONGRESS CALL NUMBER | |
| Classification number | FIC |
| Item number | P44 1999 |
| 100 ## - MAIN ENTRY--PERSONAL NAME | |
| Personal name | Peterson, John |
| 245 ## - TITLE STATEMENT | |
| Title | The Littles and their amazing new friend. |
| 260 ## - PUBLICATION, DISTRIBUTION, ETC. (IMPRINT) | |
| Place of publication, distribution, etc | New York : |
| Name of publisher, distributor, etc | Scholastic , |
| Date of publication, distribution, etc | 1999. |
| 440 ## - SERIES STATEMENT/ADDED ENTRY--TITLE | |
| Title | The Littles |
| Withdrawn status | Lost status | Damaged status | Home library | Current library | Shelving location | Date acquired | Total Checkouts | Full call number | Barcode | Date last seen | Price effective from | Koha item type |
|---|---|---|---|---|---|---|---|---|---|---|---|---|
| Munich Library | Munich Library | Fiction Section | 09/02/2010 | FIC P44 1999 | M1346 | 04/14/2014 | 04/14/2014 | Books | ||||
| Munich Library | Munich Library | Fiction Section | 09/23/2010 | FIC P44 1999 | M1348 | 04/14/2014 | 04/14/2014 | Books |